Nguyễn Trãi và Nguyễn Du trên hành trình xây đắp và hoàn thiện thể thơ lục bát /
محفوظ في:
| المؤلف الرئيسي: | |
|---|---|
| التنسيق: | مقال |
| اللغة: | Vietnamese |
| الموضوعات: | |
| الوسوم: |
إضافة وسم
لا توجد وسوم, كن أول من يضع وسما على هذه التسجيلة!
|
| Thư viện lưu trữ: | Thư viện Trường Đại học Đà Lạt |
|---|
| LEADER | 00888nam a2200277 4500 | ||
|---|---|---|---|
| 001 | DLU180183682 | ||
| 005 | ##20180227 | ||
| 040 | # | # | |a DLU |b vie |
| 041 | # | # | |a vie |
| 044 | # | # | |a vn |
| 100 | # | # | |a Phạm Thị Phương Thái. |
| 245 | # | # | |a Nguyễn Trãi và Nguyễn Du trên hành trình xây đắp và hoàn thiện thể thơ lục bát / |c Phạm Thị Phương Thái. |
| 653 | # | # | |a Nguyễn Du |
| 653 | # | # | |a Nguyễn Trãi |
| 653 | # | # | |a Quốc âm thi tập |
| 653 | # | # | |a Thơ lục bát |
| 653 | # | # | |a Truyện Kiều |
| 773 | # | # | |t Tạp chí Lý luận, phê bình văn học, nghệ thuật |g Số 33, 2015, tr. 38-44 |
| 920 | # | # | |a Phòng Tạp chí --Trung tâm Thông tin - Thư viện Trường Đại học Đà Lạt |
| 900 | # | # | |a True |
| 911 | # | # | |a Lê Thị Hồng |
| 925 | # | # | |a G |
| 926 | # | # | |a A |
| 927 | # | # | |a BB |
| 980 | # | # | |a Thư viện Trường Đại học Đà Lạt |